000 00487nam a2200169Ia 4500
008 230917s9999||||xx |||||||||||||| ||und||
020 _cRS220
040 _e241860
_aMAIN
041 _aEnglish
082 _a954.03 F238E
100 _aFarooqui, Amar
245 0 _aEstablishment of British rule, 1757-1813
260 _aNew Delhi
_bTulika Books
_c2014
300 _axii, 96 p.
500 _a3420 28/01/2019 HBD17/7050 13/09/2017 Ch. Ranbir Singh Institute of Social and
942 _cBK
999 _c30427
_d30427